• 首页
  • 本馆介绍
  • 公告通知
  • 最新文献
  • 馆藏检索
  • 电子资源
  • 读者导购
  • 参考咨询
  • 我的图书馆
  • 登录
  • 详细信息显示
  • 放入我的书架
  • 预约/预借图书
  • 作者相关作品
  • 分类相关作品
  • 丛书相关作品
  • 出版社相关作品

书目信息

  • 表格格式
  • 工作单格式
  • 卡片格式
题名:
临床心理学
    
 
作者: 潘芳 主编
分册:  
出版信息: 天津   南开大学出版社  2005.9
页数: 300页
开本: 21cm
丛书名: 21世纪应用心理学书系
单 册:
中图分类: R395.1
科图分类:
主题词: 医学心理学
电子资源:
ISBN: 978-7-310-02340-0
000 00956oam2 2200277 45
001 1360594359
005 20130530170030.46
010    @a978-7-310-02340-0@dCNY20.00
100    @a20130513d2005 em y0chiy0110 ea
101 0  @achi
102    @aCN@b120000
105    @ay z 000yy
106    @ar
200 1  @a临床心理学@ALin Chuang Xin Li Xue@dClinical Psychology@f潘芳主编@FPan Fang Zhu Bian@zeng
210    @a天津@c南开大学出版社@d2005.9
215    @a300页@d21cm
225 2  @a21世纪应用心理学书系
300    @a教育部人文社会科学重点研究基地成果
330    @a本书内容有:临床心理学概述、临床心理学的基本理论、精神疾病的诊断与分类、神经症与人格障碍、心理评估、健康促进与疾病预防、心理应激与应对等。
461  0 @12001 @a21世纪应用心理学书系
510 1  @aClinical Psychology@zeng
606 0  @a医学心理学
690    @aR395.1@v5
701  0 @a潘芳@APan Fang@c(医学)@4主编
801    @aCN@bTANGWEI@c20130523
905    @b0835957-60@dR395.1@e223@f4
    
    临床心理学=Clinical Psychology/潘芳主编.-天津:南开大学出版社,2005.9
    300页;21cm.-(21世纪应用心理学书系)
    教育部人文社会科学重点研究基地成果
    
    ISBN 978-7-310-02340-0:CNY20.00
    本书内容有:临床心理学概述、临床心理学的基本理论、精神疾病的诊断与分类、神经症与人格障碍、心理评估、健康促进与疾病预防、心理应激与应对等。
●
相关链接 在E读中查询图书 在五车中查询图书 在当当中查询图书 在豆瓣中查询图书


正题名:临床心理学     索取号:R395.1/223         预约/预借

序号 登录号 条形码 馆藏地/架位号 状态 备注
1 0835957   208359578   第二样本阅览室/ [索取号:R395.1/223] 在馆    
2 0835958   208359587   教育系资料室/ [索取号:R395.1/223] 在馆    
3 0835959   208359596   教育系资料室/ [索取号:R395.1/223] 在馆    
4 0835960   208359603   第三借阅区/ [索取号:R395.1/223] 在馆    
唐山师范学院图书馆 欢迎您!
大连网信软件有限公司© 版权所有